Studies on the molluscicdal and other proprties of the endod plant (Record no. 13294)

MARC details
000 -LEADER
fixed length control field 00433nam a22001577a 4500
003 - CONTROL NUMBER IDENTIFIER
control field OSt
005 - DATE AND TIME OF LATEST TRANSACTION
control field 20211019114104.0
008 - FIXED-LENGTH DATA ELEMENTS--GENERAL INFORMATION
fixed length control field 211019b |||||||| |||| 00| 0 eng d
040 ## - CATALOGING SOURCE
Transcribing agency Hawassa university
050 ## - LIBRARY OF CONGRESS CALL NUMBER
Classification number 581.6/AKL
082 ## - DEWEY DECIMAL CLASSIFICATION NUMBER
Classification number 581.6/AKL
100 ## - MAIN ENTRY--PERSONAL NAME
Personal name Aklilu lemma
9 (RLIN) 14195
245 ## - TITLE STATEMENT
Title Studies on the molluscicdal and other proprties of the endod plant
260 ## - PUBLICATION, DISTRIBUTION, ETC.
Place of publication, distribution, etc. Addis abeba, Ethiopia
Date of publication, distribution, etc. 1979
942 ## - ADDED ENTRY ELEMENTS (KOHA)
Source of classification or shelving scheme Dewey Decimal Classification
Koha item type Books like text book referance book
Suppress in OPAC No
Holdings
Withdrawn status Lost status Source of classification or shelving scheme Damaged status Not for loan Home library Current library Date acquired Total Checkouts Full call number Barcode Date last seen Copy number Price effective from Koha item type
    Dewey Decimal Classification     College of Agriculture Library College of Agriculture Library 10/19/2021   581.6/AKL ALIB000429 10/19/2021 C 1 10/19/2021 Books like text book referance book